000 00531nam a2200181Ia 4500
008 240729s9999 xx 000 0 und d
022 _a1751-7176
245 4 _aThe Journal of Clinical Hypertension
260 _aUnited States
260 _bWiley
650 _a Diseases of the circulatory (Cardiovascular) system
650 _a Internal medicine
650 _a Specialties of internal medicine
650 _aMedicine
856 _uhttps://doaj.org/toc/03c7e2f027f24c608152130ad973b9d6
942 _2ddc
942 _cDOAJEJ
999 _c73400
_d73400
945 _a1
_bMadushi Gamage
_c1
_dMadushi Gamage